000 00416nam a2200181Ia 4500
008 210210b1930 xxu||||| |||| 00| 0 eng d
041 _aeng
082 _a920/83
100 _aPICKLES (Herbert)
245 _aIndia, world and empire
260 _aLondon
_bOxford University Press
_c1930
650 _aworld
650 _aIndia,
650 _aempire
650 _aand
690 _aHistory
906 _a024825
999 _c150445
_d150445